| 000 | 00721nam a2200253 a 4500 | ||
|---|---|---|---|
| 001 | adlib96000001 | ||
| 003 | ViArRB | ||
| 005 | 200902210153555.7 | ||
| 008 | 960221s1955 dcuabcdjdbkoqu001 0deng d | ||
| 020 | _a0-09-93881-2 | ||
| 022 | _a | ||
| 040 | _aAdlib | ||
| 082 | _aF | ||
| 245 | _aEtectera | ||
| 250 | _a | ||
| 260 |
_aLondon _bVintage _c1996 |
||
| 300 |
_a246p _c |
||
| 500 | _a | ||
| 100 |
_aSontag, Susan _e |
||
| 700 |
_a _a |
||
| 942 | _cBK | ||
| 653 |
_aShort Stories - English Literature _aAge of Anxiety _aBlack Sunday _aEnglish Literature - Fiction _aFE _af-e _aFiction - English Literature |
||
| 952 |
_w2010-06-16 _p00044519 _r2010-06-16 _40 _00 _bUL _10 _oF SON/I _d2010-06-16 _70 _yBK _aUL |
||
| 999 |
_c39687 _d39686 |
||